00358nam a2200121 a 450000100100000000500170001000800410002704000250006811000290009324500240012226000560014630000340020200003178020200930063156.0110701s1998 dr ac 000 0 spa d aDO-SdBNPbspacBNPHU2 aBanco Popular Dominicano10aMemoria anual 1998. aSanto Domingo :bBanco Popular Dominicano,c[1998]. a70 p. :bil.,retrs. ;c30 cm.